000 00576nam a22001577a 4500
003 OSt
008 191021b ||||| |||| 00| 0 eng d
020 _a9789382471585
082 _a631.3
_bPAR/ES
100 _aParmar,Hitesh kumar V.
_94309
245 _aEssence of Agriculture Engineering
260 _aDelhi
_bJaya Publishing House
_c2014
300 _a186 p.
505 _a1. Farm machinery and power engineering. 2. Agriculture processing engineering. 3. Soil and water engineering. 4. Surveying and leveling. 5. Renewable energy engineering. 6. Mathematics.
942 _cBK
999 _c15786
_d15786